| 000 | 01148nam a22002537a 4500 | ||
|---|---|---|---|
| 005 | 20170124103117.0 | ||
| 010 | _aA-980050 | ||
| 020 | _c60.00 | ||
| 035 | _aA-980050 | ||
| 037 | _bCen Lib/Ret | ||
| 040 |
_aDPL _bHN |
||
| 082 |
_aक _bइन्द्रास्व |
||
| 100 |
_aइन्द्रा स्वप्न _981139 |
||
| 245 |
_aराजस्थान की प्रेरक गाथाएँ / _cइन्द्रा स्वप्न |
||
| 246 |
_aRajasthan ki prerak gathayen / _bby Indra Swapan |
||
| 260 |
_aदिल्ली _bआधुनिक प्रकाशन _c1999 |
||
| 270 |
_a4-B/6, गुरुद्वारा मोहल्ला, पूरी गली नं० 7, मौजपुर _bदिल्ली _e110053 |
||
| 300 |
_a63पृ. : _c21सेमी(सजिल्द ) _bसचित्र |
||
| 650 |
_aसाहित्य--कहानियां _x _z _981140 |
||
| 650 |
_aहिंदी कहानियां _92082 |
||
| 650 |
_aLiterature--Stories _981141 |
||
| 650 |
_aHindi Stories _981142 |
||
| 942 |
_2ddc _cHN _hक _mइन्द्रास्व |
||
| 999 |
_c118616 _d118616 |
||